Surisesa vasayen duskara tatvayan jatate jivat vana lamayin ha nitiya

Saved in:
Bibliographic Details
Format: Book
Published: Kolamba Manava Ayitivasikam Madhyasthanaya 1994
Series:Niti Avabodhaya Pilibandavyaprtiya
Tags: Add Tag
No Tags, Be the first to tag this record!

MARC

LEADER 00000nam a2200000 a 4500
020 |a 9789559056041 
082 |a 344.0327 
245 |a Surisesa vasayen duskara tatvayan jatate jivat vana lamayin ha nitiya 
260 |a Kolamba  |b Manava Ayitivasikam Madhyasthanaya  |c 1994 
300 |a 21cm. 
490 |a Niti Avabodhaya Pilibandavyaprtiya 
942 |c AFW 
999 |c 187363  |d 187363